000
00290nam a22001217a 4500
008
170301b xxu||||| |||| 00| 0 eng d
041
_a
eng
080
_2
5TH
_a
61
100
_a
6
101
_a
SHM
245
_a
PRINCIPLES IN PRACTICE OF OBSETRIC ANAESTHESIA
_c
CRAWFORD, J.S
942
_2
udc
_c
BK
999
_c
6525
_d
6525